000 00757pam a2200241 a 4500
001 1561051
005 20240304002520.0
008 920903s1993 cau b 001 0 eng
020 _a0803943377.
020 _a0803943385 .
040 _aDLC
_cDLC
_dDLC
082 0 0 _a323.334.
_220
_bWOM.
245 0 0 _aWomen as national leaders /
_cMichael A. Genovese, editor.
260 _aNewbury Park, Calif. :
_bSage Publications,
_c1993.
300 _axi, 241 p. ;
490 0 _aSage focus editions ;
650 0 _aWomen heads of state
650 0 _aWomen
700 1 _aGenovese, Michael A.
_eedt
856 4 2 _uhttp://www.loc.gov/catdir/enhancements/fy0655/92033064-d.html
856 4 1 _uhttp://www.loc.gov/catdir/enhancements/fy0655/92033064-t.html
942 _cL
999 _c531
_d531